| 000 | 00654nam a22002297a 4500 | ||
|---|---|---|---|
| 005 | 20260515115046.0 | ||
| 008 | 250224b |||||||| |||| 00| 0 eng d | ||
| 020 | _a97893 58495768 | ||
| 040 |
_aIN-DiNC _cIN-DiNC |
||
| 041 | _dasm | ||
| 082 |
_a371.33 _bSHA |
||
| 245 |
_aShaikshik prajuktibidya (Major 6)/ _cby Nabanita Deka and others |
||
| 250 | _a1st ed. | ||
| 260 |
_aDibrugarh: _bBanalata, _c2025. |
||
| 300 | _a448p. | ||
| 650 | _aEducational technology (Major 6) | ||
| 700 |
_aDeka, Nabanita _eauthor |
||
| 700 |
_aSonowal, Puranjay _eauthor |
||
| 700 |
_aRajkhowa, Porag _eauthor |
||
| 700 |
_aTamuly, Purnima _eauthor |
||
| 942 |
_2ddc _cBK |
||
| 999 |
_c12022 _d12022 |
||